Nâng cao hiệu qủa hoạt động Marketing dịch vụ cho Học viên cao học tại Trung tâm Học liệu - Đại học Cần Thơ /
Guardat en:
| Autor principal: | |
|---|---|
| Altres autors: | , |
| Format: | Article |
| Idioma: | Vietnamese |
| Matèries: | |
| Etiquetes: |
Afegir etiqueta
Sense etiquetes, Sigues el primer a etiquetar aquest registre!
|
| Thư viện lưu trữ: | Thư viện Trường Đại học Đà Lạt |
|---|
| LEADER | 01006nam a2200289 4500 | ||
|---|---|---|---|
| 001 | DLU180189099 | ||
| 005 | ##20181218 | ||
| 040 | # | # | |a DLU |b vie |
| 041 | # | # | |a vie |
| 044 | # | # | |a vn |
| 100 | # | # | |a Nguyễn Thị Bích Ngọc. |
| 245 | # | # | |a Nâng cao hiệu qủa hoạt động Marketing dịch vụ cho Học viên cao học tại Trung tâm Học liệu - Đại học Cần Thơ / |c Nguyễn Thị Bích Ngọc, Huỳnh Ngọc Thảo Uyên, Võ Thị Thảo Lan. |
| 653 | # | # | |a Đại học Cần Thơ |
| 653 | # | # | |a Dịch vụ thư viện |
| 653 | # | # | |a Marketing |
| 700 | # | # | |a Huỳnh Ngọc Thảo Uyên. |
| 700 | # | # | |a Võ Thị Thảo Lan. |
| 773 | # | # | |t Thư viện Việt Nam |g Số 2(46), 2014, tr. 45-49 |
| 920 | # | # | |a Phòng Tạp chí -- Trung tâm Thông tin - Thư viện Trường Đại học Đà Lạt |
| 994 | # | # | |a DLU |
| 900 | # | # | |a True |
| 911 | # | # | |a Nguyễn Thị Thu Phương |
| 925 | # | # | |a G |
| 926 | # | # | |a A |
| 927 | # | # | |a BB |
| 980 | # | # | |a Thư viện Trường Đại học Đà Lạt |